000 00360 a2200109 4500
001 ART_46417
005 20260410161630.0
008 260409a
245 1 0 _aLa Resolución técnica 48 (FACPCE) "Remedición de activos" se aprobó con carácter obligatorio
100 1 _aPetti, Ana María
773 0 _tEnfoques
_g- N°5 (mayo 2018)
_wREV416
999 _c12367
_d12367